[Event "OLSW 1819 Gambit Saarbrücken - SV Worms"]
[Site "?"]
[Date "2018.11.25"]
[Round "3.7"]
[White "Dausch, Rene"]
[Black "Panfilenko, Wladimir"]
[Result "1/2-1/2"]
[WhiteElo "2240"]
[BlackElo "1943"]
[PlyCount "79"]
[EventDate "2018.??.??"]

1. e4 c6 2. d4 d5 3. exd5 cxd5 4. Bf4 Nf6 5. c3 e6 6. Nd2 Bd6 7. Bxd6 Qxd6 8.
Ngf3 Nc6 9. Bb5 O-O 10. O-O Bd7 11. Re1 a6 12. Bd3 Na5 13. b4 Nc4 14. Bxc4 dxc4
15. Ne5 b5 16. Ne4 Nxe4 17. Rxe4 Bc6 18. Rh4 Qd5 19. Nxc6 Qxc6 20. a4 Rad8 21.
a5 Rd5 22. Qc2 h6 23. Re1 Qd6 24. Rhe4 Rd8 25. Qe2 Qe7 26. h3 Qf6 27. Re5 Rxe5
28. Qxe5 Qxe5 29. Rxe5 Rd6 30. Rc5 f6 31. f4 g5 32. f5 exf5 33. Rxf5 Kf7 34.
Kf2 Ke6 35. g4 h5 36. Kf3 hxg4+ 37. hxg4 Rd8 38. Rc5 Kd6 39. Rf5 Ke7 40. Ke4
1/2-1/2

[Event "OLSW 1819 SK Frankenthal - SK Gau-Alges"]
[Site "?"]
[Date "2018.11.25"]
[Round "3.1"]
[White "Ovsejevitsch, Sergei"]
[Black "Syrov, Arkadi"]
[Result "1-0"]
[WhiteElo "2601"]
[BlackElo "2253"]
[PlyCount "61"]
[EventDate "2018.??.??"]

1. Nf3 Nf6 2. c4 g6 3. Nc3 Bg7 4. e4 d6 5. d4 O-O 6. Be2 e5 7. d5 a5 8. g3 Na6
9. Bg5 Nc5 10. Nd2 h6 11. Be3 Nfd7 12. g4 Nb6 13. h4 Bd7 14. h5 f5 15. hxg6 f4
16. Bxc5 dxc5 17. Qc2 f3 18. Nxf3 Bxg4 19. Nh4 Bxe2 20. Nxe2 Bf6 21. Nf5 Bg5
22. Neg3 Rf6 23. Nxh6+ Bxh6 24. Rxh6 Qf8 25. Rh5 Rxg6 26. O-O-O Qf4+ 27. Kb1
Rg5 28. Rg1 Kf7 29. Rh7+ Kg6 30. Rgh1 Nxc4 31. R1h6# 1-0

[Event "OLSW 1819 SK Frankenthal - SK Gau-Alges"]
[Site "?"]
[Date "2018.11.25"]
[Round "3.2"]
[White "Neuberger, Guido"]
[Black "Karsay, Pascal"]
[Result "1/2-1/2"]
[WhiteElo "2290"]
[BlackElo "2265"]
[PlyCount "137"]
[EventDate "2018.??.??"]

1. d4 Nf6 2. Bf4 g6 3. e3 Bg7 4. Be2 d6 5. Nf3 O-O 6. O-O c5 7. c3 b6 8. h3 Bb7
9. a4 Nc6 10. Nbd2 Rc8 11. Bh2 Rc7 12. a5 Nd7 13. axb6 axb6 14. Nc4 Ba8 15. d5
Na7 16. Nxd6 exd6 17. Bxd6 b5 18. Ra5 Rb7 19. Qa1 Re8 20. Rxa7 c4 21. Rd1 Nb6
22. Bg3 Na4 23. Rxb7 Bxb7 24. d6 Qd7 25. Nd4 Ra8 26. Qa3 Rb8 27. Qb4 Bd5 28.
Bg4 f5 29. Bf3 Bxf3 30. Nxf3 Rd8 31. Rd5 Rb8 32. Be5 Qc6 33. Rd4 Bf8 34. Bf6
Rb7 35. Ne5 Qb6 36. b3 Nc5 37. Rd5 Nxb3 38. Nxc4 Qc6 39. Qxb3 Qxd5 40. Na5 Qxb3
41. Nxb3 Bxd6 42. Kf1 Kf7 43. Bd4 Rb8 44. Ke2 Ra8 45. Kd3 Ke6 46. e4 Ra2 47. g3
Rb2 48. exf5+ gxf5 49. Nd2 Be5 50. Be3 h5 51. h4 Kd5 52. Nf3 Bf6 53. Nd2 Be5
54. Nf3 Ra2 55. Bd2 Ra3 56. Ne1 b4 57. Nc2 Rxc3+ 58. Bxc3 Bxc3 59. Ne3+ Ke5 60.
Ng2 Bd4 61. Nf4 Bxf2 62. Nxh5 Be1 63. Kc4 Ke4 64. Nf6+ Kf3 65. h5 Bxg3 66. Kxb4
Be5 67. Nd5 Kg4 68. Ne3+ Kxh5 69. Nxf5 1/2-1/2

[Event "OLSW 1819 SK Frankenthal - SK Gau-Alges"]
[Site "?"]
[Date "2018.11.25"]
[Round "3.3"]
[White "Kling, Felix"]
[Black "Fulea, Dan"]
[Result "1/2-1/2"]
[WhiteElo "2169"]
[BlackElo "2207"]
[PlyCount "150"]
[EventDate "2018.??.??"]

1. d4 Nf6 2. Nf3 c5 3. d5 e6 4. Nc3 exd5 5. Nxd5 Nxd5 6. Qxd5 Be7 7. Bf4 O-O 8.
O-O-O Nc6 9. Bd6 Qa5 10. Kb1 Nb4 11. Qb3 Bxd6 12. Rxd6 Qc7 13. Rd2 a5 14. c3 c4
15. Qd1 Nc6 16. Nd4 d5 17. g3 Nxd4 18. Rxd4 b5 19. Bg2 Bf5+ 20. Ka1 Be6 21.
Bxd5 Bxd5 22. Rxd5 b4 23. Qd4 Rad8 24. e4 bxc3 25. Qxc3 Rxd5 26. exd5 Qc5 27.
Qd2 Rd8 28. Rd1 Kf8 29. d6 Rd7 30. Qd5 Qxd5 31. Rxd5 f6 32. f4 g6 33. g4 a4 34.
Kb1 Ke8 35. Kc2 a3 36. b3 cxb3+ 37. Kxb3 Ra7 38. d7+ Kd8 39. Rd6 f5 40. gxf5
gxf5 41. Rd5 Ra6 42. Rxf5 Rh6 43. Rf7 Rxh2 44. Kxa3 h5 45. Rh7 Rf2 46. Rxh5
Rf3+ 47. Kb2 Rf2+ 48. Kb3 Rf3+ 49. Kc2 Rf2+ 50. Kd1 Kxd7 51. Rd5+ Kc6 52. Rd4
Rxa2 53. Ke1 Kc5 54. Rd8 Ra4 55. Rf8 Kd6 56. Kf2 Ke7 57. Rf5 Ra3 58. Ke2 Ke6
59. Rf8 Ke7 60. Rb8 Kf6 61. Rb5 Rh3 62. Kf2 Ra3 63. Re5 Rb3 64. Re3 Rxe3 65.
Kxe3 Kf5 66. Kf3 Kf6 67. Kg4 Kg6 68. f5+ Kf6 69. Kf4 Kf7 70. Ke5 Ke7 71. f6+
Kf7 72. Kf5 Kf8 73. Kg5 Kf7 74. Kf5 Kf8 75. Ke5 Kf7 1/2-1/2

[Event "OLSW 1819 SK Frankenthal - SK Gau-Alges"]
[Site "?"]
[Date "2018.11.25"]
[Round "3.4"]
[White "Geyer, Bernhard"]
[Black "Frede, Lennart"]
[Result "0-1"]
[WhiteElo "2185"]
[BlackElo "2161"]
[PlyCount "89"]
[EventDate "2018.??.??"]

1. d4 Nf6 2. c4 e6 3. Nf3 Bb4+ 4. Nbd2 d5 5. e3 O-O 6. a3 Be7 7. Qc2 b6 8. Bd3
Bb7 9. O-O c5 10. dxc5 bxc5 11. b3 Nc6 12. Bb2 h6 13. Rfd1 d4 14. exd4 cxd4 15.
b4 Ng4 16. h3 Nge5 17. b5 Nxf3+ 18. Nxf3 Na5 19. Nxd4 Qb6 20. Rac1 Rac8 21. Nf3
Bxf3 22. gxf3 Rfd8 23. Bf1 Bc5 24. a4 Qc7 25. Kg2 Nb7 26. Qe4 Qe7 27. Qg4 f5
28. Qg6 Bb4 29. Bd3 Nc5 30. Bc2 Nd7 31. Rd4 Nf8 32. Rxd8 Rxd8 33. Qg3 Rd2 34.
Qe5 Ng6 35. Qe3 Qd6 36. Bc3 Nf4+ 37. Kf1 Bxc3 38. Qxc3 Nxh3 39. c5 Rxf2+ 40.
Ke1 Qg3 41. Kd1 Qg1+ 42. Qe1 Rf1 43. Kd2 Qd4+ 44. Bd3 Rxe1 45. Rxe1 0-1

[Event "OLSW 1819 SK Frankenthal - SK Gau-Alges"]
[Site "?"]
[Date "2018.11.25"]
[Round "3.6"]
[White "Kargoll, Peter"]
[Black "Weyerhaeuser, Joerg"]
[Result "1-0"]
[WhiteElo "2163"]
[BlackElo "2038"]
[PlyCount "120"]
[EventDate "2018.??.??"]

1. d4 d5 2. Nf3 Nf6 3. c3 g6 4. Bf4 c6 5. e3 Bg7 6. Be2 Qb6 7. Qb3 Bf5 8. Nbd2
Nbd7 9. h3 Ne4 10. Nxe4 Bxe4 11. O-O h6 12. Nd2 Bf5 13. Bg3 e5 14. Nf3 e4 15.
Nd2 O-O 16. c4 Be6 17. c5 Qxb3 18. Nxb3 Rfc8 19. Rfc1 a5 20. Rc2 Bf6 21. Nd2
Bd8 22. Rac1 Nf8 23. b3 f5 24. f3 Nh7 25. fxe4 fxe4 26. Rf1 Bc7 27. Bxc7 Rxc7
28. a3 Kg7 29. Nb1 Nf6 30. Nc3 Rf7 31. Rb2 Bc8 32. Na4 Be6 33. Nb6 Raf8 34. b4
axb4 35. axb4 Ng8 36. Rxf7+ Rxf7 37. Ra2 h5 38. Ra8 Nh6 39. b5 Nf5 40. bxc6
Nxe3 41. Re8 Kf6 42. Nd7+ Rxd7 43. cxd7 Bxd7 44. Rb8 Nc2 45. Rxb7 Bc6 46. Rb6
Nxd4 47. Bb5 Nxb5 48. Rxc6+ Ke5 49. Rxg6 e3 50. Kf1 d4 51. c6 Ke4 52. Rg5 Nc7
53. Rg7 Ne6 54. Re7 Kd5 55. c7 Nxc7 56. Rxc7 d3 57. Ke1 Ke4 58. Rc4+ Ke5 59.
Rh4 Kd5 60. Rxh5+ Kc4 1-0

[Event "OLSW 1819 SK Frankenthal - SK Gau-Alges"]
[Site "?"]
[Date "2018.11.25"]
[Round "3.7"]
[White "Erlekam, Simon"]
[Black "Kuehn, Bernd"]
[Result "0-1"]
[WhiteElo "1890"]
[BlackElo "2025"]
[PlyCount "60"]
[EventDate "2018.??.??"]

1. e4 c6 2. d4 d5 3. e5 Bf5 4. g4 Be4 5. f3 Bg6 6. Bg2 e6 7. Ne2 Nd7 8. O-O h5
9. Nf4 Ne7 10. Nxg6 Nxg6 11. Be3 Nh4 12. Qe2 Be7 13. h3 Qb6 14. c3 O-O-O 15. b4
f5 16. exf6 gxf6 17. Bf2 Nxg2 18. Kxg2 Nf8 19. Nd2 Bd6 20. Rh1 Qc7 21. b5 Kb8
22. c4 Ng6 23. Be3 e5 24. dxe5 Bxe5 25. cxd5 Bxa1 26. bxc6 Bd4 27. Rb1 b6 28.
Qd3 Bxe3 29. Qxe3 Nf4+ 30. Kf1 Nxd5 0-1

[Event "OLSW 1819 SK Frankenthal - SK Gau-Alges"]
[Site "?"]
[Date "2018.11.25"]
[Round "3.8"]
[White "Huseynov, Ahad"]
[Black "Grieb, Lukas"]
[Result "1-0"]
[WhiteElo "2052"]
[BlackElo "1780"]
[PlyCount "65"]
[EventDate "2018.??.??"]

1. e4 c5 2. Nf3 Nc6 3. Bb5 d6 4. d4 cxd4 5. Nxd4 Bd7 6. Nc3 Nf6 7. O-O g6 8. h3
Bg7 9. Be3 O-O 10. Nb3 a6 11. Be2 b5 12. a3 Rc8 13. f4 Na5 14. Nxa5 Qxa5 15.
Bd4 Bc6 16. Bf3 Rfd8 17. Nd5 Nxd5 18. exd5 Bxd4+ 19. Qxd4 Bd7 20. c3 Rc4 21.
Qe3 Re8 22. Be2 Rcc8 23. Qd4 Qc7 24. g4 Qc5 25. Rad1 a5 26. Kh2 b4 27. axb4
axb4 28. c4 Ba4 29. Qxc5 Rxc5 30. Rd4 Rec8 31. Rf3 Kf8 32. f5 gxf5 33. gxf5 {
Zeit} 1-0

[Event "OLSW 1819 SC Heimbach-Weis-Neuwied - SC"]
[Site "?"]
[Date "2018.11.25"]
[Round "3.1"]
[White "Spengler, Hanno"]
[Black "Winterberg, Lukas"]
[Result "0-1"]
[WhiteElo "2084"]
[BlackElo "2377"]
[PlyCount "62"]
[EventDate "2018.??.??"]

1. e4 d6 2. d4 Nf6 3. Nc3 Nc6 4. Nf3 g6 5. Be2 Bg7 6. h3 O-O 7. Be3 a6 8. a4 b6
9. O-O Bb7 10. e5 Ne8 11. e6 f5 12. Qd2 Nb4 13. Rac1 d5 14. Bh6 Nd6 15. Ne5 Rf6
16. Bxg7 Kxg7 17. Bf3 a5 18. Ne2 Ne4 19. Bxe4 dxe4 20. c3 Nd3 21. Nxd3 exd3 22.
Qxd3 Rxe6 23. Rfe1 Qd6 24. Qd2 Rd8 25. Nf4 Rxe1+ 26. Rxe1 e5 27. Ne2 c5 28. Qg5
h6 29. Qh4 cxd4 30. cxd4 g5 31. dxe5 Qd2 0-1

[Event "OLSW 1819 SC Heimbach-Weis-Neuwied - SC"]
[Site "?"]
[Date "2018.11.25"]
[Round "3.2"]
[White "Boidman, Yuri"]
[Black "Becker, Thomas"]
[Result "1-0"]
[WhiteElo "2348"]
[BlackElo "2138"]
[PlyCount "71"]
[EventDate "2018.??.??"]

1. e4 c6 2. d3 d5 3. Nd2 e5 4. Ngf3 Bd6 5. g3 Nf6 6. Bg2 O-O 7. O-O Re8 8. b3
a5 9. a4 Nbd7 10. Bb2 b6 11. Re1 Bb7 12. d4 Nxe4 13. Nxe5 Nxd2 14. Qxd2 Nxe5
15. dxe5 Bb4 16. c3 Bf8 17. Rad1 Qc7 18. f4 Rad8 19. h3 b5 20. axb5 Qb6+ 21.
Kh2 Qxb5 22. Qc2 Ba6 23. f5 Rb8 24. b4 axb4 25. e6 fxe6 26. fxe6 Qb7 27. cxb4
Bxb4 28. Re5 Bd6 29. Rh5 Rxe6 30. Qxh7+ Kf8 31. Qh8+ Ke7 32. Qxg7+ Kd8 33. Rh8+
Re8 34. Bf6+ Be7 35. Rxe8+ Kxe8 36. Re1 1-0

[Event "OLSW 1819 SC Heimbach-Weis-Neuwied - SC"]
[Site "?"]
[Date "2018.11.25"]
[Round "3.3"]
[White "Hermann, Thomas"]
[Black "Schulz, Klaus-Juergen"]
[Result "0-1"]
[WhiteElo "2098"]
[BlackElo "2332"]
[PlyCount "86"]
[EventDate "2018.??.??"]

1. d4 d5 2. Bf4 e6 3. e3 Bd6 4. Bg3 Ne7 5. c3 Nd7 6. Nd2 Nf5 7. Bxd6 Nxd6 8.
Ngf3 Qe7 9. Bd3 e5 10. dxe5 Nxe5 11. Nxe5 Qxe5 12. O-O Bf5 13. Qa4+ c6 14. Bxf5
Qxf5 15. Qb4 O-O-O 16. c4 dxc4 17. Nxc4 Nxc4 18. Qxc4 Rd7 19. Rad1 Rhd8 20.
Rxd7 Rxd7 21. h3 Qd5 22. Qb4 f5 23. a3 g6 24. Qf4 Qb3 25. Qe5 b6 26. Qe8+ Kc7
27. Qa8 Qa4 28. Qe8 Qb5 29. Qa8 Qa5 30. Qh8 Kb7 31. g3 Qd2 32. h4 a5 33. Qe5 a4
34. h5 Qd5 35. Qe8 Rd8 36. Qe7+ Qd7 37. Qh4 b5 38. h6 Qd6 39. Rc1 Re8 40. Qf4
Qd2 41. Rc5 Re4 42. Qg5 Qd6 43. Rc1 Rg4 0-1

[Event "OLSW 1819 SC Heimbach-Weis-Neuwied - SC"]
[Site "?"]
[Date "2018.11.25"]
[Round "3.4"]
[White "Puth, Dieter"]
[Black "Hell, Manfred"]
[Result "1-0"]
[WhiteElo "2214"]
[BlackElo "2138"]
[PlyCount "89"]
[EventDate "2018.??.??"]

1. d4 Nf6 2. c4 g6 3. Nc3 Bg7 4. e4 d6 5. Nf3 O-O 6. Be2 Nbd7 7. O-O e5 8. Re1
c6 9. Bf1 a6 10. d5 c5 11. a3 Ne8 12. b4 b6 13. Rb1 f5 14. Ng5 Nc7 15. Na4 b5
16. cxb5 axb5 17. Nxc5 Nxc5 18. bxc5 h6 19. Nf3 fxe4 20. Nd2 dxc5 21. Nxe4 Qxd5
22. Qxd5+ Nxd5 23. Bxb5 Rb8 24. Bd2 Kh7 25. Nxc5 Bf5 26. Nd7 Bxb1 27. Nxf8+
Bxf8 28. Rxb1 Bxa3 29. h4 Nc7 30. Bd3 Rxb1+ 31. Bxb1 Bb2 32. h5 Kg7 33. Bxg6
Ne6 34. g3 Ng5 35. Kg2 Ne6 36. Kf3 Ng5+ 37. Kg4 Kf6 38. f3 Bd4 39. Bc2 Bb2 40.
Bd3 Bd4 41. Bc2 Bb2 42. Be4 Bd4 43. Bd5 Bb2 44. Bb4 Bd4 45. Bf8 1-0

[Event "OLSW 1819 SC Heimbach-Weis-Neuwied - SC"]
[Site "?"]
[Date "2018.11.25"]
[Round "3.5"]
[White "Sahm, Philipp"]
[Black "Ronge, Tim Hendrick"]
[Result "0-1"]
[WhiteElo "2053"]
[BlackElo "2114"]
[PlyCount "76"]
[EventDate "2018.??.??"]

1. Nc3 d5 2. d4 Nf6 3. Bg5 Nbd7 4. Nf3 h6 5. Bh4 c6 6. Qd3 e6 7. e4 Qa5 8. e5
Ne4 9. Nd2 Nxd2 10. Qxd2 b6 11. Be2 Ba6 12. O-O Bxe2 13. Qxe2 Qb4 14. Qd3 Nxe5
15. Qa6 f6 16. Qb7 Rd8 17. dxe5 Qxh4 18. Rae1 f5 19. Qxa7 Qb4 20. Qb7 Be7 21.
a3 Qc4 22. Ne2 Kf7 23. Qxb6 Rb8 24. Qa7 c5 25. b3 Qxc2 26. b4 cxb4 27. Nd4 Qc5
28. Qxc5 Bxc5 29. Nc6 bxa3 30. Nxb8 Rxb8 31. Ra1 Rb2 32. Rfc1 Bxf2+ 33. Kf1 a2
34. Rd1 Be3 35. h3 Rf2+ 36. Kg1 Rd2+ 37. Kh1 Rxd1+ 38. Rxd1 Bd4 0-1

[Event "OLSW 1819 SC Heimbach-Weis-Neuwied - SC"]
[Site "?"]
[Date "2018.11.25"]
[Round "3.6"]
[White "Roos, Thomas"]
[Black "Robert, Josef"]
[Result "1/2-1/2"]
[WhiteElo "2145"]
[BlackElo "1947"]
[PlyCount "52"]
[EventDate "2018.??.??"]

1. c4 Nf6 2. Nc3 e5 3. Nf3 Nc6 4. e3 d5 5. cxd5 Nxd5 6. Bb5 Nxc3 7. bxc3 Bd6 8.
e4 O-O 9. O-O Bg4 10. Be2 Qe7 11. h3 Bxf3 12. Bxf3 Rfd8 13. Rb1 b6 14. Be2 Ba3
15. d3 Bxc1 16. Rxc1 Na5 17. Qc2 Qg5 18. Rcd1 c5 19. f4 exf4 20. Qc1 Rd6 21.
Qxf4 Qxf4 22. Rxf4 Rad8 23. Kf2 f6 24. h4 Nc6 25. Rf3 Ne5 26. Rg3 Ng6 1/2-1/2

[Event "OLSW 1819 SC Heimbach-Weis-Neuwied - SC"]
[Site "?"]
[Date "2018.11.25"]
[Round "3.7"]
[White "Schuetz, Thomas"]
[Black "Fink, Christian"]
[Result "0-1"]
[WhiteElo "1898"]
[BlackElo "2143"]
[PlyCount "81"]
[EventDate "2018.??.??"]

1. d4 Nf6 2. Nf3 g6 3. Bf4 Bg7 4. e3 d6 5. Bc4 O-O 6. Nbd2 c6 7. h3 Nbd7 8. c3
b5 9. Bb3 a5 10. a3 Bb7 11. O-O Qb6 12. e4 c5 13. d5 c4 14. Bc2 Rfc8 15. Be3
Qc7 16. Nd4 Ba6 17. f4 Nc5 18. Qf3 e6 19. dxe6 fxe6 20. b4 cxb3 21. N2xb3 Re8
22. e5 Nfd7 23. exd6 Qxd6 24. Nxa5 Rac8 25. Rad1 Qc7 26. Nab3 Na4 27. Nd2 Kh8
28. c4 Nc3 29. Rc1 e5 30. fxe5 Nxe5 31. Qg3 Nxc4 32. Qxc7 Rxc7 33. Nxc4 Rxc4
34. Bb3 Rxe3 35. Bxc4 Bxd4 36. Rf8+ Kg7 37. Rg8+ Kh6 38. Kh1 bxc4 39. Rf1 Bb7
40. Kh2 Be5+ 41. Kg1 0-1

[Event "OLSW 1819 SC Turm Winterbach - SK Landa"]
[Site "?"]
[Date "2018.12.16"]
[Round "4.1"]
[White "Muranyi, Karl-Jasmin"]
[Black "Spengler, Hanno"]
[Result "1-0"]
[WhiteElo "2330"]
[BlackElo "2075"]
[PlyCount "117"]
[EventDate "2018.??.??"]

1. d4 d5 2. Nf3 Nf6 3. c3 e6 4. Bf4 Bd6 5. Bxd6 Qxd6 6. Qa4+ Nbd7 7. Qa3 Ne4 8.
e3 O-O 9. Qxd6 Nxd6 10. Nbd2 b6 11. Bd3 Bb7 12. Ne5 Nb8 13. O-O f6 14. Nef3 Nd7
15. Rfe1 Ne4 16. Bb5 c6 17. Bf1 Nxd2 18. Nxd2 e5 19. e4 exd4 20. cxd4 c5 21.
Bb5 Rad8 22. e5 fxe5 23. dxe5 a6 24. e6 axb5 25. e7 Ra8 26. exf8=Q+ Kxf8 27. a3
d4 28. Ne4 Bxe4 29. Rxe4 b4 30. Kf1 Kf7 31. h3 Nf6 32. Re5 Ra7 33. g4 g6 34.
Ke2 Nd7 35. Re4 g5 36. Kd3 b5 37. Ree1 b3 38. Re4 Rc7 39. a4 c4+ 40. Kxd4 Nc5
41. axb5 Nxe4 42. Kxe4 Ke6 43. Kd4 Kd6 44. Ra6+ Kd7 45. Rc6 Ra7 46. Kxc4 Ra4+
47. Kxb3 Rf4 48. Rh6 Kc7 49. Ka3 Rxf2 50. b3 Rf7 51. Kb4 Kb7 52. Ka5 Re7 53. b4
Ka7 54. b6+ Kb7 55. b5 Kb8 56. Rf6 h5 57. Ka6 Re8 58. gxh5 Kc8 59. Rc6+ 1-0

[Event "OLSW 1819 SC Turm Winterbach - SK Landa"]
[Site "?"]
[Date "2018.12.16"]
[Round "4.2"]
[White "Becker, Thomas"]
[Black "Lang, Torsten"]
[Result "0-1"]
[WhiteElo "2135"]
[BlackElo "2328"]
[PlyCount "96"]
[EventDate "2018.??.??"]

1. e4 g6 2. d4 Bg7 3. Nf3 d6 4. c4 Nf6 5. Nc3 O-O 6. Be2 Nbd7 7. h3 a6 8. Bf4
c5 9. d5 b5 10. cxb5 axb5 11. Bxb5 Nxe4 12. O-O Nxc3 13. bxc3 Bxc3 14. Bh6 Bg7
15. Bxg7 Kxg7 16. Re1 Bb7 17. Bxd7 Qxd7 18. a4 Rfe8 19. Qb3 Ra7 20. Re3 Ba8 21.
a5 Qb7 22. Qa4 Rb8 23. Rae1 Qxd5 24. Qa1+ e5 25. Rxe5 dxe5 26. Rxe5 f6 27. Rxd5
Bxd5 28. Qc3 Rb5 29. Nh2 Rb1+ 30. Nf1 c4 31. Qd2 Bf7 32. g4 h6 33. Kg2 Rb5 34.
Ne3 Rbxa5 35. h4 Rc5 36. Qc3 Rd7 37. Qb4 Rdc7 38. Qc3 Rd7 39. Qb4 Re5 40. h5
Rc7 41. hxg6 Bxg6 42. Qc3 Rb5 43. Qd4 c3 44. Qa4 Rbc5 45. Qa1 c2 46. Qc1 Rb5
47. Nxc2 Rxc2 48. Qe3 Rbb2 0-1

[Event "OLSW 1819 SC Turm Winterbach - SK Landa"]
[Site "?"]
[Date "2018.12.16"]
[Round "4.3"]
[White "Bruch, Jochen"]
[Black "Hermann, Thomas"]
[Result "0-1"]
[WhiteElo "2205"]
[BlackElo "2074"]
[PlyCount "70"]
[EventDate "2018.??.??"]

1. Nf3 c5 2. g3 b6 3. Bg2 Bb7 4. O-O Nf6 5. d3 d5 6. Nbd2 g6 7. e4 dxe4 8. Ng5
Bg7 9. Ngxe4 Nxe4 10. Nxe4 Nc6 11. f4 Qd7 12. a3 Rd8 13. Qe2 Nd4 14. Qf2 O-O
15. Rb1 Ba6 16. Kh1 Nxc2 17. f5 Bxd3 18. f6 exf6 19. Rd1 f5 20. Nc3 c4 21. Nd5
Qb5 22. Nf4 Be4 23. Rxd8 Rxd8 24. Bd2 Nd4 25. Bxe4 fxe4 26. Bc3 Nf3 27. Bxg7
Kxg7 28. Qe3 Rd2 29. Ne2 Qh5 30. h4 Qg4 31. Kg2 Nxh4+ 32. Kf2 Rd3 33. gxh4 Rxe3
34. Kxe3 Qf3+ 35. Kd2 Qd3+ 0-1

[Event "OLSW 1819 SC Turm Winterbach - SK Landa"]
[Site "?"]
[Date "2018.12.16"]
[Round "4.4"]
[White "Hell, Manfred"]
[Black "Silber, Gerhard"]
[Result "0-1"]
[WhiteElo "2133"]
[BlackElo "2217"]
[PlyCount "68"]
[EventDate "2018.??.??"]

1. d4 f5 2. Bg5 g6 3. h4 Bg7 4. Nc3 Nc6 5. Nf3 h6 6. Bf4 Nxd4 7. Ne5 Ne6 8.
Nxg6 Nxf4 9. Nxf4 Bxc3+ 10. bxc3 Nf6 11. e3 d5 12. Be2 Qd6 13. Bh5+ Kd8 14. Bf3
c6 15. Rb1 Kc7 16. Ng6 Re8 17. h5 e5 18. Rh4 b5 19. Rhb4 a5 20. Rh4 Qc5 21. Qd2
Ne4 22. Bxe4 dxe4 23. c4 Be6 24. cxb5 cxb5 25. a4 bxa4 26. c4 Rab8 27. Rb5 Rxb5
28. cxb5 Qxb5 29. Qc3+ Bc4 30. f4 Qb4 31. Qxb4 axb4 32. Nxe5 a3 33. Rh1 Rxe5
34. fxe5 b3 0-1

[Event "OLSW 1819 SC Turm Winterbach - SK Landa"]
[Site "?"]
[Date "2018.12.16"]
[Round "4.5"]
[White "Kopp, Bjoern"]
[Black "Sahm, Philipp"]
[Result "1-0"]
[WhiteElo "2194"]
[BlackElo "2039"]
[PlyCount "61"]
[EventDate "2018.??.??"]

1. e4 c5 2. Nc3 g6 3. f4 Bg7 4. Nf3 Nc6 5. Bb5 a6 6. Bxc6 bxc6 7. d3 d5 8. O-O
Rb8 9. Qe1 Bg4 10. Ne5 Bd7 11. Qf2 Nf6 12. Qxc5 O-O 13. Rb1 dxe4 14. dxe4 Bg4
15. Nxc6 Nd7 16. Qf2 Qc7 17. Nd5 Qd6 18. Nxb8 Nxb8 19. Be3 Rc8 20. Qh4 Rc4 21.
Qxg4 f5 22. exf5 Qxd5 23. fxg6 Qe4 24. gxh7+ Kh8 25. Qf3 Qxh7 26. c3 Nc6 27.
Rbd1 Re4 28. f5 Rc4 29. Qd5 Be5 30. g3 Rg4 31. Rf3 1-0

[Event "OLSW 1819 SC Turm Winterbach - SK Landa"]
[Site "?"]
[Date "2018.12.16"]
[Round "4.6"]
[White "Robert, Josef"]
[Black "Moeldner, Juergen"]
[Result "0-1"]
[WhiteElo "1958"]
[BlackElo "2236"]
[PlyCount "124"]
[EventDate "2018.??.??"]

1. d4 Nf6 2. Bf4 c5 3. c3 e6 4. e3 Nc6 5. Nd2 Be7 6. Bd3 O-O 7. h4 d6 8. Bg5
cxd4 9. exd4 e5 10. Bxf6 Bxf6 11. d5 Ne7 12. Qf3 Ng6 13. g3 Re8 14. Ne4 Be7 15.
h5 Nf8 16. Bb5 Nd7 17. g4 a6 18. Bd3 Nf6 19. Nxf6+ Bxf6 20. Qe4 g6 21. Nf3 Bg5
22. hxg6 hxg6 23. Nxg5 Qxg5 24. Be2 Kg7 25. Qe3 Qxe3 26. fxe3 Bd7 27. e4 Rh8
28. Kf2 Kf6 29. Kg3 Kg5 30. Raf1 f6 31. Rfg1 a5 32. b3 Rac8 33. c4 b6 34. a3
Ra8 35. Rc1 Rac8 36. Rcf1 b5 37. Rxh8 Rxh8 38. cxb5 Rc8 39. a4 Rc3+ 40. Rf3 Rc1
41. b6 Bc8 42. Bb5 Bb7 43. Kf2 Rc2+ 44. Ke1 Rc8 45. Kd2 Rb8 46. b4 axb4 47. a5
Ra8 48. Bc6 Rxa5 49. Bxb7 Rb5 50. Kc2 Rxb6 51. Bc6 b3+ 52. Kb2 Rb4 53. Bd7 Rb8
54. Be6 Rb4 55. Bd7 Rxe4 56. Rxb3 Rd4 57. Be6 e4 58. Kc3 Rd3+ 59. Kc2 Rxb3 60.
Kxb3 Kf4 61. Kc3 e3 62. Kd3 Kf3 0-1

[Event "OLSW 1819 SC Turm Winterbach - SK Landa"]
[Site "?"]
[Date "2018.12.16"]
[Round "4.7"]
[White "Lang, Matthias"]
[Black "Schuetz, Thomas"]
[Result "1-0"]
[WhiteElo "2156"]
[BlackElo "1891"]
[PlyCount "101"]
[EventDate "2018.??.??"]

1. d4 d5 2. Nf3 Nf6 3. Bg5 e6 4. e3 Be7 5. Nbd2 c6 6. c3 h6 7. Bh4 Nbd7 8. Bd3
b6 9. Qe2 a5 10. O-O Bb7 11. Rac1 c5 12. Bxf6 Nxf6 13. Bb5+ Kf8 14. Ne5 Qc7 15.
f4 g6 16. Qe1 Kg7 17. Qg3 h5 18. h4 Ng4 19. Bd3 f5 20. Rce1 Raf8 21. Ndf3 c4
22. Bc2 b5 23. Bd1 Bf6 24. Ng5 Qe7 25. Bxg4 hxg4 26. Qf2 Bxg5 27. fxg5 b4 28.
g3 b3 29. axb3 cxb3 30. Ra1 Ra8 31. Ra3 a4 32. Rfa1 Qe8 33. Qf4 Rf8 34. Nd3 Bc6
35. Qe5+ Kh7 36. Kf2 Qe7 37. Nf4 Rfe8 38. Rh1 Qg7 39. h5 gxh5 40. Rxh5+ Kg8 41.
Qd6 Qd7 42. Qe5 Qg7 43. Rh6 Qxe5 44. dxe5 Ra7 45. Nh5 Ree7 46. g6 Rad7 47. Ra1
d4 48. exd4 Ra7 49. Ra3 Bd5 50. Ke3 Be4 51. Kf4 1-0

[Event "OLSW 1819 SK Gau-Algesheim - SC Heimbac"]
[Site "?"]
[Date "2018.12.16"]
[Round "4.1"]
[White "Winterberg, Lukas"]
[Black "Ovsejevitsch, Sergei"]
[Result "0-1"]
[WhiteElo "2383"]
[BlackElo "2604"]
[PlyCount "100"]
[EventDate "2018.??.??"]

1. e4 e5 2. Nf3 Nc6 3. Bc4 Bc5 4. O-O Nf6 5. d3 d6 6. c3 a6 7. Bb3 Ba7 8. Re1
O-O 9. h3 h6 10. Nbd2 Re8 11. Nf1 Be6 12. Ng3 d5 13. exd5 Bxd5 14. Nh4 Bxb3 15.
axb3 Qd5 16. Nhf5 Ne7 17. Ne4 Nh7 18. Neg3 Nxf5 19. Nxf5 Nf6 20. d4 e4 21. Ne3
Qd7 22. b4 c6 23. Nc4 Nd5 24. Qg4 f5 25. Qg6 Rad8 26. Ne5 Qe6 27. Qxe6+ Rxe6
28. g4 fxg4 29. hxg4 Nf6 30. g5 hxg5 31. Bxg5 Rd5 32. Ra5 Bb8 33. Bxf6 gxf6 34.
Ng4 Rxa5 35. bxa5 f5 36. Ne3 f4 37. Nc4 f3 38. Rd1 Rg6+ 39. Kf1 Bh2 40. Ke1
Rg1+ 41. Kd2 Bf4+ 42. Kc2 Rg2 43. Re1 Rxf2+ 44. Kd1 Rg2 45. Rxe4 Rg1+ 46. Kc2
Bg5 47. Re5 f2 48. Rf5 f1=Q 49. Rxf1 Rxf1 50. Nd6 Rf2+ 0-1

[Event "OLSW 1819 SK Gau-Algesheim - SC Heimbac"]
[Site "?"]
[Date "2018.12.16"]
[Round "4.2"]
[White "Karsay, Pascal"]
[Black "Boidman, Yuri"]
[Result "1-0"]
[WhiteElo "2278"]
[BlackElo "2341"]
[PlyCount "93"]
[EventDate "2018.??.??"]

1. Nf3 d5 2. e3 Nf6 3. c4 c6 4. Nc3 e6 5. b3 Nbd7 6. Qc2 Bd6 7. Bb2 O-O 8. Be2
Qe7 9. Rg1 e5 10. g4 dxc4 11. bxc4 Nc5 12. g5 Nfd7 13. d4 Ne6 14. O-O-O exd4
15. Nxd4 Nxd4 16. Rxd4 Ba3 17. Ne4 Bxb2+ 18. Kxb2 Kh8 19. h4 Nc5 20. Nxc5 Qxc5
21. h5 Qe5 22. Qc3 c5 23. Rd5 Qxc3+ 24. Kxc3 b6 25. Rgd1 Be6 26. Rd6 h6 27. g6
Rae8 28. Bd3 Bg4 29. gxf7 Re7 30. Rh1 Rexf7 31. f4 Re7 32. Kd2 Bf3 33. Rh3 Be4
34. Bxe4 Rxe4 35. Kd3 Re7 36. Rh4 Rff7 37. e4 Rd7 38. Rd5 Kg8 39. e5 Kf8 40. e6
Rxd5+ 41. cxd5 Rc7 42. d6 Rc6 43. d7 Rd6+ 44. Kc3 Ke7 45. f5 b5 46. Rg4 Kf6 47.
Rg6+ 1-0

[Event "OLSW 1819 SK Gau-Algesheim - SC Heimbac"]
[Site "?"]
[Date "2018.12.16"]
[Round "4.3"]
[White "Schulz, Klaus-Juergen"]
[Black "Kling, Felix"]
[Result "1/2-1/2"]
[WhiteElo "2334"]
[BlackElo "2155"]
[PlyCount "92"]
[EventDate "2018.??.??"]

1. c4 e5 2. Nc3 Bb4 3. Nf3 Bxc3 4. dxc3 Nc6 5. g3 Nge7 6. Bg2 d6 7. O-O Be6 8.
b3 h6 9. e4 O-O 10. Ne1 Qd7 11. Nc2 Bh3 12. Ne3 Bxg2 13. Kxg2 f5 14. exf5 Nxf5
15. Qd5+ Kh8 16. Qe4 Nxe3+ 17. Bxe3 Qf5 18. Qxf5 Rxf5 19. Rae1 Re8 20. Re2 Rf7
21. Rfe1 Rfe7 22. f3 Kg8 23. Bc1 a5 24. Rd1 b6 25. Rde1 Kf7 26. Kf2 Re6 27. Re4
R6e7 28. h3 Re6 29. Bd2 R6e7 30. f4 exf4 31. Rxe7+ Rxe7 32. Rxe7+ Kxe7 33. Bxf4
Ke6 34. a4 Ne5 35. Ke2 Nd7 36. Be3 Nc5 37. Bxc5 dxc5 38. Kf3 Kf5 39. Ke3 Ke5
40. Kf3 Kf5 41. Ke3 h5 42. Kf3 g5 43. Ke3 g4 44. h4 Ke5 45. Kd3 Kf5 46. Ke3 Ke5
1/2-1/2